| 000 | 00781nas a2200241 4500 | ||
|---|---|---|---|
| 001 | BR9206595 | ||
| 003 | BR-BrBNA | ||
| 005 | 20231205092937.0 | ||
| 007 | ta | ||
| 008 | 230509b bl.|||p| |||| 00| 00por d | ||
| 040 |
_aBR-BrBNA _bpor _cBiblioteca Nacional de Agricultura |
||
| 041 | _a(Pt) | ||
| 072 | _aF03 | ||
| 100 | 1 | _aCamargo, L. de S. | |
| 100 | 1 | _aPassos, F.A. | |
| 245 | 1 | _aResultados preliminares sobre o efeito do atonik, um novo estimulante de plantas na producao de sementes de pepino (Cucumis sativus L.) | |
| 650 | _aPEPINO | ||
| 650 | _aSEMENTE | ||
| 650 | _aESTIMULANTE DE CRESCIMENTO VEGETAL | ||
| 773 | 0 |
_tRevista de Olericultura (Brazil) _x _g(1975), (no. 15) p. 204-207 _wBR9206595 |
|
| 909 |
_a202311 _bLúcia _c55 _dLúcia Elande |
||
| 942 |
_2AGRIS _n0 _cANA |
||
| 999 |
_c135278 _d135278 |
||